[Event "Ceske Budejovice op-B"]
[Site "Ceske Budejovice"]
[Date "2023.07.02"]
[Round "2"]
[White "Sosovickova, Martina"]
[Black "Svoboda, Marek"]
[Result "1-0"]
[WhiteElo "1730"]
[BlackElo "1590"]
[PlyCount "77"]
[EventDate "2023.07.01"]
[EventType "swiss"]
[EventRounds "9"]
[EventCountry "CZE"]
[SourceTitle "EXT 2024"]
[Source "ChessBase"]
[SourceDate "2023.10.10"]
[SourceVersion "1"]
[SourceVersionDate "2023.10.10"]
[SourceQuality "1"]

1. e4 c5 2. Nf3 d6 3. Bb5+ Bd7 4. Bxd7+ Qxd7 5. c4 Nc6 6. Nc3 Nf6 7. 0-0 e6 8. a3 Be7 9. Rb1 a5 10. d3 0-0 11. Be3 d5 12. exd5 exd5 13. cxd5 Nxd5 14. Nxd5 Qxd5 15. d4 c4 16. Qe2 b5 17. a4 Nb4 18. axb5 Qxb5 19. b3 Qf5 20. bxc4 Rfe8 21. Qd2 Bf6 22. d5 Rac8 23. Qe2 Nd3 24. Qc2 Qe4 25. Rfd1 Nc5 26. Rbc1 a4 27. Qxe4 Rxe4 28. d6 Nd7 29. c5 Rxe3 30. fxe3 Rxc5 31. Rxc5 Nxc5 32. d7 Ne6 33. Nd4 Nd8 34. Ra1 Kf8 35. Rxa4 Ke7 36. Ra7 Bxd4 37. exd4 Nc6 38. d8Q+ Kxd8 39. Rxf7 1-0